vufinder Bibliothèque Municipale de Charleval de Provence
Se connecter

Art du gung-fu (L')

Book Cover
Auteur principal: François Arambel
Support: Livres
Langue: Francais
Publié: 2015 VP-Masberg Plaidt (Allemagne)
Genre: Documentaire
Sujets:
Étiquettes: Ajouter
Pas de Tags !

LEADER 00731nam0a2200193 450
001 16848391
010 |a 978-3-943593-25-9  |b br.  |d 22,99 € 
100 |a 20150527d2015 u u0frey01 ba 
101 0 |a fre 
102 |a DE 
200 0 |a Art du gung-fu (L')  |f par Sibok François Arambel 
207 1 |a   
210 |a Plaidt (Allemagne)  |c VP-Masberg  |d 2015 
215 |a 1 vol. (95 p.)  |c illustrations en noir et blanc  |d 24 x 17 cm 
330 |a Une présentation des techniques de base du gung-fu : mises aux sol, contres, balayages, etc. 
700 0 |a Arambel  |b François  |4 70 
900 |a Documentaire 
901 |a Accessible au prêt 
995 |a Bibliothèque  |c Bibliothèque  |f 00156008174922  |h 00156008174922  |k 796.81 KUN  |o p  |q a  |r az  |e Bibliothèque 

Options de recherche

Historique de recherche
Recherche avancée

Trouver plus

Nouveautés

Besoin d'aide ?

Contacter un bibliothécaire